Central Library OPAC University of Rajshahi

Electric motors / (Record no. 66337)

MARC details
000 -LEADER
fixed length control field 00641nam a22002297a 4500
001 - CONTROL NUMBER
control field 66337
003 - CONTROL NUMBER IDENTIFIER
rucl marc code BD-RjUL
005 - DATE AND TIME OF LATEST TRANSACTION
control field 20211209081527.0
008 - FIXED-LENGTH DATA ELEMENTS--GENERAL INFORMATION
fixed length control field 170315b19691968nyua|||| |||| 001 0 eng d
035 ## - SYSTEM CONTROL NUMBER
System control number (BD-RjUL)66467
040 ## - CATALOGING SOURCE
Original cataloging agency BD-RjUL
Language of cataloging eng
Transcribing agency BD-RjUL
Modifying agency BD-RjUL
041 ## - LANGUAGE CODE
Language code of text/sound track or separate title eng
082 ## - DEWEY DECIMAL CLASSIFICATION NUMBER
Edition number 23
Classification number 621.313
Author mark and year ANE 1969
100 ## - MAIN ENTRY--PERSONAL NAME
Personal name Anderson, Edwin P.
9 (RLIN) 196330
245 ## - TITLE STATEMENT
Title Electric motors /
Statement of responsibility, etc. Edwin P. Anderson
250 ## - EDITION STATEMENT
Edition statement 2nd ed.
260 ## - PUBLICATION, DISTRIBUTION, ETC. (IMPRINT)
Place of publication, distribution, etc. America :
Name of publisher, distributor, etc. Theodore Audel & Co.,
Date of publication, distribution, etc. 1968 [Printing 1969].
300 ## - PHYSICAL DESCRIPTION
Pagination 422 p. :
Illustrations ill. ;
Size 24 cm.
500 ## - GENERAL NOTE
General note Include Index.
650 ## - SUBJECT ADDED ENTRY--TOPICAL TERM
Topical term or geographic name as entry element Electric motors.
9 (RLIN) 196331
942 ## - ADDED ENTRY ELEMENTS (KOHA)
Source of classification or shelving scheme Dewey Decimal Classification
Koha item type Books
Holdings
Lost status Source of classification or shelving scheme Damaged status Not for loan Collection code Permanent Location Current Location Shelving location Date acquired Source of acquisition Cost, normal purchase price Total Checkouts Full call number Date last seen Copy number Koha item type
  Dewey Decimal Classification   Not For Loan Non-fiction Central Library, University of Rajshahi Central Library, University of Rajshahi Reading Room 24/07/1973 Sadek Book Depof. 72.00   621.313 ANE 1969 15/03/2017 C-1 Books